| 000 | 00500nam a22001577a 4500 | ||
|---|---|---|---|
| 082 | _aT-138 | ||
| 100 |
_aAmer Raza, Major _948508 |
||
| 245 |
_aLoad Transfer From High Strength Concrete Interior Columns Through Ordinary Strength Concrete Slabs _cAmer Raza |
||
| 260 |
_aRisapur _bMCE _c8-11-2002 |
||
| 300 | _aXIV, 94 p.: | ||
| 526 |
_a0 _b0 _c0 _dT_138 |
||
| 650 | _aMaster of Science in Civil Engineering | ||
| 650 |
_aThesis _934811 |
||
| 700 |
_aCol Dr. Ghulam Alam _948509 |
||
| 942 |
_2ddc _cBK |
||
| 999 |
_c551430 _d551430 |
||